| 000 -LEADER |
| fixed length control field |
00657cam a2200193 i 4500 |
| 003 - CONTROL NUMBER IDENTIFIER |
| control field |
OSt |
| 005 - DATE AND TIME OF LATEST TRANSACTION |
| control field |
20200312131902.0 |
| 008 - FIXED-LENGTH DATA ELEMENTS--GENERAL INFORMATION |
| fixed length control field |
140514s2015 cauab b 001 0 eng |
| 020 ## - INTERNATIONAL STANDARD BOOK NUMBER |
| International Standard Book Number |
9781446272930 |
| Qualifying information |
(pbk) |
| 042 ## - AUTHENTICATION CODE |
| Authentication code |
pcc |
| 082 00 - DEWEY DECIMAL CLASSIFICATION NUMBER |
| Classification number |
910.285 |
| Edition number |
23 |
| Item number |
CHR |
| 245 00 - TITLE STATEMENT |
| Title |
Geocomputation : |
| Remainder of title |
a practical primer / |
| Statement of responsibility, etc |
[edited by] Chris Brunsdon and Alex Singleton. |
| 300 ## - PHYSICAL DESCRIPTION |
| Extent |
xx, 369 pages : |
| Other physical details |
color illustrations, color maps ; |
| Dimensions |
26 cm |
| 504 ## - BIBLIOGRAPHY, ETC. NOTE |
| Bibliography, etc |
Includes bibliographical references (pages 327-363) and index. |
| 650 #0 - SUBJECT ADDED ENTRY--TOPICAL TERM |
| Topical term or geographic name as entry element |
Geographic information systems. |
| 700 1# - ADDED ENTRY--PERSONAL NAME |
| Personal name |
Brunsdon, Chris, |
| Relator term |
editor. |
| 700 1# - ADDED ENTRY--PERSONAL NAME |
| Personal name |
Singleton, Alexander D., |
| Relator term |
editor. |
| 942 ## - ADDED ENTRY ELEMENTS (KOHA) |
| Source of classification or shelving scheme |
|